Handbook of nursing diagnosis / (Record no. 18492)
[ view plain ]
| 000 -LEADER | |
|---|---|
| fixed length control field | 00946cam a22002895a 4500 |
| 001 - CONTROL NUMBER | |
| control field | 17290646 |
| 005 - DATE AND TIME OF LATEST TRANSACTION | |
| control field | 20150813131123.0 |
| 008 - FIXED-LENGTH DATA ELEMENTS--GENERAL INFORMATION | |
| fixed length control field | 120508r20131993pau frbf 001 0 eng d |
| 010 ## - LIBRARY OF CONGRESS CONTROL NUMBER | |
| LC control number | 2012015988 |
| 020 ## - INTERNATIONAL STANDARD BOOK NUMBER | |
| International Standard Book Number | 9781608311101 |
| 020 ## - INTERNATIONAL STANDARD BOOK NUMBER | |
| International Standard Book Number | 1608311104 |
| 040 ## - CATALOGING SOURCE | |
| Original cataloging agency | DLC |
| Language of cataloging | eng |
| Transcribing agency | DLC |
| Modifying agency | DLC |
| -- | EG-ScBUE |
| 082 04 - DEWEY DECIMAL CLASSIFICATION NUMBER | |
| Classification number | 616.075 |
| Edition number | 22 |
| Item number | CAR |
| 100 1# - MAIN ENTRY--PERSONAL NAME | |
| Personal name | Carpenito, Lynda Juall. |
| 9 (RLIN) | 12191 |
| 245 10 - TITLE STATEMENT | |
| Title | Handbook of nursing diagnosis / |
| Statement of responsibility, etc | Lynda Juall Carpenito. |
| 250 ## - EDITION STATEMENT | |
| Edition statement | 14th ed. |
| 260 ## - PUBLICATION, DISTRIBUTION, ETC. (IMPRINT) | |
| Place of publication, distribution, etc | Philadelphia : |
| Name of publisher, distributor, etc | Wolters Kluwer / Lippincott Williams & Wilkins Health, |
| Date of publication, distribution, etc | 2013. |
| 300 ## - PHYSICAL DESCRIPTION | |
| Extent | xxii, 874 p. ; |
| Dimensions | 18 cm. + |
| Accompanying material | 1 health pattern. |
| 500 ## - GENERAL NOTE | |
| General note | Index : p. 860-874. |
| 504 ## - BIBLIOGRAPHY, ETC. NOTE | |
| Bibliography, etc | Bibliography : p. 847-859. |
| 590 ## - LOCAL NOTE (RLIN) | |
| Local note | Catalogued by : Mostafa El-Helaly |
| 650 #0 - SUBJECT ADDED ENTRY--TOPICAL TERM | |
| Topical term or geographic name as entry element | Nursing diagnosis |
| Form subdivision | Handbooks, manuals, etc. |
| 9 (RLIN) | 23840 |
| Source of heading or term | BUEsh |
| 651 ## - SUBJECT ADDED ENTRY--GEOGRAPHIC NAME | |
| Source of heading or term | BUEsh |
| 653 ## - INDEX TERM--UNCONTROLLED | |
| Resource For college | Nursing |
| Arrived date list | August2015 |
| 655 ## - INDEX TERM--GENRE/FORM | |
| Form subdivision | |
| -- | 34232 |
| 942 ## - ADDED ENTRY ELEMENTS (KOHA) | |
| Source of classification or shelving scheme | Dewey Decimal Classification |
| Call number prefix | 616.075 CAR |
| Withdrawn status | Item status | Source of classification or shelving scheme | Damaged status | Not for loan | Vendor | Home library | Current library | Shelving location | Date acquired | Source of acquisition | Cost, normal purchase price | Serial Enumeration / chronology | Total Checkouts | Full call number | Barcode | Date last seen | Date last borrowed | Cost, replacement price | Koha item type |
|---|---|---|---|---|---|---|---|---|---|---|---|---|---|---|---|---|---|---|---|
| Dewey Decimal Classification | Baccah | Central Library | Central Library | Ground Floor | 22/10/2014 | 225.00 | 20526 | 2 | 616.075 CAR REF | 000036774 | 26/11/2025 | 30/04/2015 | 281.25 | Reference (NB) | |||||
| Dewey Decimal Classification | Baccah | Central Library | Central Library | Ground Floor | 22/10/2014 | 225.00 | 20526 | 1 | 616.075 CAR REF | 000036775 | 15/07/2025 | 18/03/2015 | 281.25 | Reference (NB) | |||||
| Dewey Decimal Classification | Baccah | Central Library | Central Library | Ground Floor | 07/04/2015 | 225.00 | 21925 | 616.075 CAR REF | 000037939 | 15/07/2025 | 281.25 | Reference (NB) |